Reinforced concrete structures (Record no. 11959)

000 -LEADER
fixed length control field 00572nam a2200217 a 4500
001 - CONTROL NUMBER
control field 11959
003 - CONTROL NUMBER IDENTIFIER
control field BD-DhUET
008 - FIXED-LENGTH DATA ELEMENTS--GENERAL INFORMATION
fixed length control field 741112s1975 nyua b 001 0 eng
020 ## - INTERNATIONAL STANDARD BOOK NUMBER
International Standard Book Number 0471659177
040 ## - CATALOGING SOURCE
Original cataloging agency DLC
Transcribing agency DLC
Modifying agency BD-DhUET
082 00 - DEWEY DECIMAL CLASSIFICATION NUMBER
Classification number 624.183
Item number PAR/1975
100 1# - MAIN ENTRY--PERSONAL NAME
Personal name Park, R.
245 10 - TITLE STATEMENT
Title Reinforced concrete structures
250 ## - EDITION STATEMENT
Edition statement 1st ed.
260 ## - PUBLICATION, DISTRIBUTION, ETC. (IMPRINT)
Place of publication, distribution, etc. New York
Name of publisher, distributor, etc. John Wiley & sons
Date of publication, distribution, etc. 1975
300 ## - PHYSICAL DESCRIPTION
Extent xvii, 769 p.
Other physical details ill.
Dimensions 24 cm.
504 ## - BIBLIOGRAPHY, ETC. NOTE
Bibliography, etc Includes bibliographies
650 #0 - SUBJECT ADDED ENTRY--TOPICAL TERM
Topical term or geographic name as entry element Reinforced concrete construction
700 ## - ADDED ENTRY--PERSONAL NAME
Personal name Paulay, T.
942 ## - ADDED ENTRY ELEMENTS (KOHA)
Koha item type General Book
Holdings
Price effective from Source of classification or shelving scheme Koha normalized classification for sorting Sublocation or collection (holding branch) Koha full call number Date acquired Damaged status Shelving location Piece designation (barcode) Copy number Lost status Not for loan Withdrawn status Location (home branch) Koha item type Koha date last seen
2015-02-22 624_183000000000000_PAR_1975Central Library, BUET624.183/PAR/19752015-02-22 Circulation section452221   Central Library, BUETGeneral Book2015-02-22
2015-05-05 624_183000000000000_PAR_1975Central Library, BUET624.183/PAR/19752015-05-05 Circulation section534432   Central Library, BUETGeneral Book2015-05-05
2015-05-06 624_183000000000000_PAR_1975Central Library, BUET624.183/PAR/19752015-05-06 Circulation section534403   Central Library, BUETGeneral Book2015-05-06
2015-05-07 624_183000000000000_PAR_1975Central Library, BUET624.183/PAR/19752015-05-07 Circulation section452214   Central Library, BUETGeneral Book2015-05-07
2015-05-07 624_183000000000000_PAR_1975Central Library, BUET624.183/PAR/19752015-05-07 Circulation section511355   Central Library, BUETGeneral Book2015-05-07
2015-06-25 624_183000000000000_PAR_1975Central Library, BUET624.183/PAR/19752015-06-25 Reading section449706   Central Library, BUETGeneral Book2015-06-25
2024-06-30 624_183000000000000_PAR_1975Central Library, BUET624.183 PAR/19751982-06-16 Cataloging section534397   Central Library, BUETGeneral Book2024-06-30